The June 2024 European Parliament elections : outcome and implications /

Bibliographic Details
Main Author: Archick, Kristin (Author)
Format: Government Document Database
Language:English
Published: [Washington, D.C.] : Congressional Research Service, 2024-
Edition:[Library of Congress public edition].
Series:Insight (Library of Congress. Congressional Research Service) ; IN12361.
Subjects:
Online Access:https://purl.fdlp.gov/GPO/gpo230321

MARC

Tag First Indicator Second Indicator Subfields
LEADER 00000cai a2200000 i 4500
001 in00005502017
006 m o d f
007 cr |||||||||||
008 240620c20249999dcu x w o f0 2eng c
005 20241219164656.8
010 |a 2024234655 
035 |a (OCoLC)on1440224362 
040 |a GPO  |b eng  |e rda  |e pn  |c GPO  |d GPO  |d MvI 
042 |a pcc 
043 |a n-us--- 
049 |a WWW 
074 |a 0807-A-12 (online) 
086 0 |a LC 14.25/2:IN 12361/ 
100 1 |a Archick, Kristin,  |0 https://id.loc.gov/authorities/names/no2002076785  |e author. 
245 1 4 |a The June 2024 European Parliament elections :  |b outcome and implications /  |c Kristin Archick. 
247 1 0 |a June 2024 European Parliament elections :  |b a preview  |f <June 20, 2024> 
250 |a [Library of Congress public edition]. 
264 1 |a [Washington, D.C.] :  |b Congressional Research Service,  |c 2024- 
300 |a 1 online resource. 
310 |a Updated irregularly 
336 |a text  |b txt  |2 rdacontent 
337 |a computer  |2 rdamedia 
338 |a online resource  |b cr  |2 rdacarrier 
490 1 |a IN ;  |v 12361 
500 |a The CRS web page provides access to all versions published since 2018 in accordance with P.L. 115-141. 
500 |a In scope of the U.S. Government Publishing Office Cataloging and Indexing Program (C&I) and Federal Depository Library Program (FDLP). 
500 |a GPO Cataloging Record Distribution Program (CRDP). 
588 0 |a Contents viewed on Oct. 25, 2024; title from CRS web page. 
610 2 0 |a European Parliament.  |0 https://id.loc.gov/authorities/names/n79032985 
650 0 |a Legislative bodies  |z European Union countries. 
650 0 |a Elections  |z European Union countries. 
710 2 |a Library of Congress.  |b Congressional Research Service,  |0 https://id.loc.gov/authorities/names/n79061321  |e issuing body. 
773 0 8 |i Contained in (work):  |t CRS reports (Library of Congress. Congressional Research Service)  |w (DLC) 2018231131  |w (OCoLC)1052784408 
830 0 |a Insight (Library of Congress. Congressional Research Service) ;  |0 https://id.loc.gov/authorities/names/no2020046109  |v IN12361. 
856 4 0 |u https://purl.fdlp.gov/GPO/gpo230321  |t 0 
999 f f |s 0adcdc43-9e59-4ae9-bfa5-d0a740c4e694  |i c46e6b8e-3a31-40f2-8213-dd911dc2162d  |t 0 
952 f f |a Texas A&M University  |b College Station  |c Electronic Resources  |d Available Online  |t 0  |e LC 14.25/2:IN 12361/  |h Superintendent of Documents classification 
998 f f |a LC 14.25/2:IN 12361/  |t 0  |l Available Online